书目信息 |
| 题名: |
徽型制冷器
|
|
| 作者: | 张国刚 编著 | |
| 分册: | ||
| 出版信息: | 北京 国防工业出版社 1984.11 |
|
| 页数: | 191页 | |
| 开本: | 20cm | |
| 丛书名: | ||
| 单 册: | ||
| 中图分类: | TB651 | |
| 科图分类: | ||
| 主题词: | 制冷--机械 , 制冷--设备 | |
| 电子资源: | ||
| ISBN: | ||
| 000 | 00558nam0 2200205 45 | |
| 001 | 0312221749 | |
| 005 | 20031222170909.4 | |
| 010 | @dCNY0.67 | |
| 100 | @a20031222d1984 km y0chiy0120 ea | |
| 101 | @achi | |
| 105 | @a z 000yy | |
| 200 | 1 | @a徽型制冷器@AHui Xing Zhi Leng Qi@f张国刚编著@FZhang Guo Gang Bian Zhu |
| 210 | @a北京@c国防工业出版社@d1984.11 | |
| 215 | @a191页@d20cm | |
| 606 | 0 | @a制冷@x机械 |
| 606 | 0 | @a制冷@x设备 |
| 690 | @aTB651@v3 | |
| 701 | 0 | @a张国刚@4编著 |
| 801 | @aCN@bTSTCL@c20031222 | |
| 905 | @a213230@dTB651@e77@b128874-875@f2 | |
| 徽型制冷器/张国刚编著.-北京:国防工业出版社,1984.11 |
| 191页;20cm |
| ISBN :CNY0.67 |
| ● |
| 相关链接 |
|
|
|
|
正题名:徽型制冷器
索取号:TB651/77
 
预约/预借
| 序号 | 登录号 | 条形码 | 馆藏地/架位号 | 状态 | 备注 |
| 1 | 0128874 | 001359112 | 密集书库/ [索取号:TB651/77] | 在馆 | |
| 2 | 0128875 | 001359078 | 第二样本阅览室/ [索取号:TB651/77] | 在馆 |